01236nam a2200265 a 4500003000900000005001700009007000300026008004100029040003000070041000800100082001900108240002000127245023600147246008200383264003500465300004400500336002700544337003300571338002800604556003500632630012700667650004500794651004800839710008300887DO-SdBNP20250623122139.0ta221019n200? dr a|||grlg|| 001 0 eng d aDO-SdBNPbspacBNPHUerda heng 4axxxbR426L222 aLey 108-10leng10aDec. no. 370-11 which establishes the regulation for the aplication of Law no. 108-10, for the promotion of cinematic activity in the Domincan Republic. Law 108-10 for the development of the film activity in teh Dominican Republic. a Ley 108-10 for the evelopmen of the film activity in teh Dominican Republic. 1aSanto Domingo :bDGCINE,c200? a86 páginas :bIlustraciones ;c21 cm. atextobtxt2rdacontent asin mediaciónbn2rdamedia avolumenbnc2rdacarrier aDos obras encuadernadas junta. 4aLey 108-10 for the evelopmen of the film activity in teh Dominican Republic.lengxDec. No. 370-11zRepública Dominicana 4aCinematografíazRepública Dominicana 4aRepública Dominicana xDec. No. 370-111 aRepública Dominicana.bMinisterio de Cultura, bDirección General de Cine.